Culture Générale - Série 2275 - Statistiques

Statistiques générales
  • Ce quiz a été pris 116 fois
  • Le résultat moyen est 4 sur 10
Statistiques - réponses
Question Réponse % Correct
Qui a écrit "L'écume des jours" ? prénom et nom Boris Vian
85%
Quelle est la capitale du Burkina Faso ? voir drapeau Ouagadougou
69%
Dans le conte de Perrault, "Barbe-Bleue", quel est le prénom de la soeur qui ne voit rien venir ? Anne
66%
Qui a écrit Andromaque ? prénom et nom Jean Racine
63%
Qui interprète le boulanger dans "La femme du boulanger" (1938) de Marcel Pagnol ? Raimu
46%
Quelle ville française a accueilli le sommet du G7 en août 2019 ? Biarritz
43%
Qui a écrit "Les Aventures de Huckleberry Finn" ? prénom et nom Mark Twain
36%
Qui a réalisé "Pépé le Moko" en 1937 ? prénom et nom Julien Duvivier
15%
Qui a réalisé "Lacombe Lucien" en 1974 ? prénom et nom Louis Malle
12%
Dans ce même film, quel est le prénom du boulanger ? Aimable
2%
Aucun quiz correspondant
Distribution des résultats
% des personnes avec chaque résultat
Percentile par nombre de réponses
Votre historique - résultats
Vous n’avez pas pris ce quiz